000 00496nam a22001937a 4500
003 OSt
005 20140410090340.0
008 121112t xxu||||| |||| 00| 0 eng d
020 _a0590424033
050 _aPZ 7
_b.D252 1964
245 _aThe Story of Thomas Alva Edison, Inventor
_bThe Wizard of Menlo Park
_cMargaret Davidson
260 _aNew York
_bScholastic Inc.
_c1990
300 _g19cm
521 _aG2
526 _c410
942 _2lcc
_cBK
999 _c33732
_d33732